000 00760nam a2200289Ia 4500
001 57925
003 IT-RoPAU
008 130308s9999 xx 000 0 und d
040 _aIT-RoPAU
040 _cIT-RoPAU
041 _aITALIANO
100 _aSelva Piero
100 _gCodice Aut. SPICS: 34490
245 _aComputer e il creativo (Il): un amore contro natura?
245 _bIndustria Dello spot (L')-1987
250 _a1a ed.
260 _aMILANO
260 _bComunicare
260 _c1987 [1° Ed.:1987 - Ed.Ling.Originale:1987]
300 _a"1 p. (prefazione: no ; testo: 1 [pagine: 9-9])"
650 _aSAGGI DI PUBBLICITA'
650 _eCodice materia Spics: 6211
942 _cBK
957 _71
999 _c48705
_d48705
999 _bSI
999 _g1